000 00488nam a22001817a 4500
999 _c1741
_d1741
003 OSt
005 20180920152948.0
008 180920b ||||| |||| 00| 0 eng d
020 _a875295584
040 _cDLC
082 _a818.5
_bG447B
100 _aGibran, Kahlil
245 _a The beauty of friendship /
_cBy Kahlil Gibran. Illustrated by Donni Giambraoni
260 _aUSA :
_bHallmarks Cards Inc.,
_cc1978.
300 _bill;
650 _aMysticism
_xFriendship
942 _2ddc
_cBK